Leyes notariales de España conforme a los textos oficiales / (Record no. 103892)

MARC details
000 -LEADER
campo de control de longitud fija 00658nam a2200205 i 4500
001 - NÚMERO DE CONTROL
campo de control 103892
003 - IDENTIFICADOR DE NÚMERO DE CONTROL
campo de control ES-MaACL
005 - FECHA Y HORA DE LA ÚLTIMA TRANSACCIÓN
campo de control 20250827062618.0
007 - CAMPO FIJO DE DESCRIPCIÓN FÍSICA--INFORMACIÓN GENERAL
campo de control de longitud fija t|
008 - DATOS DE LONGITUD FIJA--INFORMACIÓN GENERAL
campo de control de longitud fija 051121s1905 sp ||||1| spa d
110 1# - ENTRADA PRINCIPAL--NOMBRE DE ENTIDAD CORPORATIVA
Nombre de entidad corporativa o nombre de jurisdicción como elemento de entrada España
9 (RLIN) 3622
240 10 - TÍTULO UNIFORME
Título uniforme Leyes, etc., notariado
245 10 - MENCIÓN DEL TÍTULO
Título Leyes notariales de España conforme a los textos oficiales /
Mención de responsabilidad, etc. con notas y concordancias e índices completísimos por D. León Medina y Manuel Marañón.
260 ## - PUBLICACIÓN, DISTRIBUCIÓN, ETC.
Lugar de publicación, distribución, etc. Madrid :
Nombre del editor, distribuidor, etc. F. Rueda,
Fecha de publicación, distribución, etc. 1905.
300 ## - DESCRIPCIÓN FÍSICA
Extensión 430 p. ;
Dimensiones 20 cm.
700 1# - ENTRADA AGREGADA--NOMBRE PERSONAL
Nombre de persona Medina, León.
9 (RLIN) 79703
700 1# - ENTRADA AGREGADA--NOMBRE PERSONAL
Nombre de persona Marañón, Manuel.
9 (RLIN) 76316
852 ## - LOCALIZACIÓN
Ubicación ES-MaACL
Número de control de estantería B-7124
Holdings
Estatus retirado Estado de pérdida Estado de daño No para préstamo Biblioteca de origen Biblioteca actual Ubicación en estantería Fecha de adquisición Fuente de adquisición Total de préstamos Signatura topográfica completa Código de barras Visto por última vez Precio de reemplazo Tipo de ítem Koha
        Biblioteca del Ateneo de Madrid Biblioteca del Ateneo de Madrid Sala Pardo Bazán 17/01/2008     B-7124 1108472 23/02/2023 23/02/2023 Libro impreso